000 00298nam a22001337a 4500
008 170714b xxu||||| |||| 00| 0 eng d
020 _a081413005998
041 _aeng
080 _a038
100 _a24
101 _aFJA
245 _aTHE MERRIAM WEBSTER DICTIONARY
_cMISH ,F.C
942 _2udc
_cBK
999 _c20935
_d20935